[Event "Mumbai Wealth U2050 op 5th"]
[Site "Mumbai"]
[Date "2020.01.02"]
[Round "1"]
[White "Bartakke, Aditya"]
[Black "Bhagat, Dilip"]
[Result "1-0"]
[WhiteElo "1872"]
[BlackElo "1216"]
[PlyCount "71"]
[EventDate "2020.01.02"]
[EventType "swiss"]
[EventRounds "9"]
[EventCountry "IND"]
[SourceTitle "CBM 194 Extra"]
[Source "ChessBase"]
[SourceDate "2020.03.31"]
[SourceVersion "1"]
[SourceVersionDate "2020.03.31"]
[SourceQuality "1"]

1. e4 c5 2. Nf3 Nc6 3. d4 cxd4 4. Nxd4 e5 5. Nb3 d6 6. Nc3 Be6 7. Bd3 Nf6 8. 0-0 Be7 9. Kh1 0-0 10. f4 exf4 11. Bxf4 Ne5 12. Nd4 Bg4 13. Qe1 Nxd3 14. cxd3 Nh5 15. Bd2 Re8 16. Nd5 a6 17. Ba5 Qb8 18. Bc7 Qa7 19. Bb6 Qb8 20. Nxe7+ Rxe7 21. Qh4 Nf6 22. Rxf6 gxf6 23. Qxg4+ Kh8 24. Nf5 Qf8 25. Nxe7 Qxe7 26. Bd4 Rg8 27. Qf5 Rg6 28. Rf1 Kg7 29. Qh5 Rh6 30. Qd5 Qc7 31. Rxf6 Rxf6 32. Qg5+ Kf8 33. Bxf6 Qc2 34. Qg7+ Ke8 35. Qg8+ Kd7 36. Qd8+ 1-0